|
|
|
|
| LEADER |
00000nam0a2200000 4500 |
| 001 |
92238 |
| 005 |
20231031104602.0 |
| 035 |
|
|
|a (RuTPU)RU\TPU\book\98840
|
| 090 |
|
|
|a 92238
|
| 100 |
|
|
|a 20060310d1966 m y0rusy50 ca
|
| 101 |
0 |
|
|a rus
|
| 102 |
|
|
|a RU
|
| 105 |
|
|
|a a z 001zy
|
| 200 |
1 |
|
|a Нефтегазоносносность Южно-Минусинской впадины
|e результаты нефтепоисковых работ
|f ВНИГРИ; под ред. А. А. Трофимука
|
| 210 |
|
|
|a Новосибирск
|c Наука
|d 1966
|
| 215 |
|
|
|a 280 с.
|c черт.
|
| 320 |
|
|
|a Библиогр.: с. 273-279.
|
| 610 |
1 |
|
|a геология
|
| 610 |
1 |
|
|a нефтегазоносность
|
| 610 |
1 |
|
|a Южно-Минусинская впадина
|
| 610 |
1 |
|
|a нефтепоисковые работы
|
| 610 |
1 |
|
|a стратиграфия
|
| 610 |
1 |
|
|a тектоника
|
| 610 |
1 |
|
|a скважины
|
| 675 |
|
|
|a 553.98
|v 3
|
| 702 |
|
1 |
|a Трофимук
|b А. А.
|4 340
|
| 712 |
0 |
2 |
|a Всесоюзный нефтяной научно-исследовательский геологоразведочный институт (ВНИГРИ)
|c (Ленинград)
|c (1929-1991)
|2 stltpush
|3 (RuTPU)RU\TPU\col\7662
|
| 801 |
|
1 |
|a RU
|b 63413507
|c 20060310
|g PSBO
|
| 801 |
|
2 |
|a RU
|b 63413507
|c 20090817
|g PSBO
|
| 942 |
|
|
|c BK
|